| 000 | 00699cam a2200253 4500 | ||
|---|---|---|---|
| 001 | J98 | ||
| 008 | 090401t1991 xxu||||| |||| 00| 0 eng d | ||
| 035 | _a(Sirsi) u38172 | ||
| 041 | _aeng | ||
| 050 | _a694.012 | ||
| 100 | _aCarey, Janice K. | ||
| 245 | _aBlue staining of timber in service: its cause, prevention and treatment. | ||
| 260 |
_aGarston, Watford _bBuilding Research Establishment _c1991 |
||
| 300 | _a(4)p. : ill. ; 30cm. | ||
| 350 | _a0 | ||
| 490 |
_aBRE Information Paper _v9/91 |
||
| 520 | _aReserve collection shelf 323 | ||
| 650 | _aBLUE STAIN IN SERVICE | ||
| 650 | _aFUNGI | ||
| 650 | _aTIMBER | ||
| 690 | _aBUILT ENVIRONMENT | ||
| 942 | _n0 | ||
| 948 | _c04/03/1997 | ||
| 999 |
_c90620 _d90620 |
||